Energy statistics of non-OECD countries 2001-2002

Salvato in:
Dettagli Bibliografici
Ente Autore: OECD. International Energy Agency
Natura: Libro
Lingua:inglese
francese
Pubblicazione: Paris OECD 2004
Edizione:2004 ed.
Serie:IEA statistics
Soggetti:
Tags: Aggiungi Tag
Nessun Tag, puoi essere il primo ad aggiungerne!!

MARC

LEADER 00000nam a2200000 4500
001 0021431
005 20240104115302.7
020 |a 92-64-10762-2 
041 0 |a eng 
041 0 |a fre 
044 |a FR 
245 1 0 |a Energy statistics of non-OECD countries 2001-2002 
250 |a 2004 ed. 
264 1 |a Paris  |b OECD  |c 2004 
300 |a xiv, I.72, II.661 s. 
490 1 |a IEA statistics 
830 0 |a IEA statistics 
610 2 0 |a energetika 
610 2 0 |a údaje štatistické 
610 2 0 |a údaje štatistické medzinárodné 
610 2 0 |a energia 
610 2 0 |a porovnanie štatistické medzinárodné 
610 2 0 |a svet 
610 2 0 |a 2001-2002 
710 2 |a OECD. International Energy Agency